แสดงรายละเอียดบรรณานุกรม
  กลับหน้าหลัก

Brief Record : Get Marc (ISO 2709) : E-mail record : QR code ปิดหน้าต่าง
E-books : เกี่ยวกับ Collections
LEADER 00000nam 2200000uu 4500
008    101230s||||||||th 000 0 tha d
060  0 VCD 000200
100 0  ^aพระครูภาวนาโพธิคุณ (สมชาย กนตลิโล).
245 00 ^aทศพิธราชธรรม/^bพระครูภาวนาโพธิคุณ (สมชาย กนตลิโล).
260    ^aสำนักปฏิบัติธรรมประจำจังหวัดขอนแก่น วัดโพธิ์ บ้านโนนทัน จ.ขอนแก่น.
710 1  ^aสำนักปฏิบัติธรรมประจำจังหวัดขอนแก่น วัดโพธิ์ บ้านโนนทัน จ.ขอนแก่น.
856    ^aหมายเหตุ VCD ชุดที่ 46
999    ^aใช้งานได้ทุกระบบ
รายการนี้ยังไม่มีแท็ก
คุณยังไม่ได้ล็อกอิน คุณสามารถมีกิจกรรมร่วมกับเว็บไซต์ได้ แต่ต้องล็อกอินก่อน ::
  ล็อกอิน
ลำดับที่ ประเภท เลขเรียก สถานที่ สถานะ
1. สื่อวีดิทัศน์
สื่อวีดิทัศน์
/VCD 000200  
  
ชั้นวีซีดี On Shelf
  ขอยืม
   [แสดง 1/1 รายการ]

BibComment


ยังไม่เคยถูกคอมเมนท์

คอมเมนท์ทรัพยากรรายการนี้
  คอมเมนท์: ทศพิธราชธรรม พระ..
Bib 205761

 
 
 

 Union Library Management : ULibM
Copyright 2026. All Rights Reserved.
скачать бесплатно без регистрации порно красивый секс HD Sex Hindi sex

xxx gou

xxxx

bfxxx

xxxwww

Секса Видео

xxxx

Секса Видео

detube

geilexxx

C99 Shell

worms shell

blod xxx video
Ebony Coed Rihanna Rimes Takes A Dick In Her Young Twat priyaa indian fuck anal and pusssy hardcore indian women xxx desi hardcore fucking part 1 bengalixxxcouple